[Event "PER-ch (Women)"]
[Site "Lima"]
[Date "2023.09.03"]
[Round "8"]
[White "Ramirez Tipian, Valerie Luisciana11"]
[Black "Vasquez Tanchiva, Katerine Paola"]
[Result "1-0"]
[WhiteElo "1419"]
[BlackElo "1460"]
[PlyCount "84"]
[EventDate "2023.08.29"]
[EventType "swiss"]
[EventRounds "9"]
[EventCountry "PER"]
[SourceTitle "EXT 2024"]
[Source "ChessBase"]
[SourceDate "2023.10.10"]
[SourceVersion "1"]
[SourceVersionDate "2023.10.10"]
[SourceQuality "1"]

1. e4 e6 2. d4 d5 3. e5 c5 4. c3 Nc6 5. Nf3 Qb6 6. a3 Nh6 7. Bd3 Bd7 8. Bc2 cxd4 9. cxd4 Nf5 10. Bxf5 exf5 11. Nc3 Be6 12. 0-0 Be7 13. b4 0-0 14. Na4 Qd8 15. Nc5 b6 16. Nxe6 fxe6 17. Qa4 Qd7 18. Bg5 Bxg5 19. Nxg5 h6 20. Rac1 Rac8 21. Nf3 Nxe5 22. Qxd7 Nxd7 23. b5 Kf7 24. Rc6 Nb8 25. Ne5+ Kf6 26. Rcc1 Rfe8 27. g3 Ke7 28. a4 a5 29. bxa6 Nxa6 30. Rb1 Rc2 31. Rxb6 Ra8 32. Re1 Nc7 33. a5 Ra2 34. Rc1 Ne8 35. Rc5 Kf8 36. Nd7+ Ke7 37. Nb8 Ra4 38. Rb7+ Kf8 39. Rd7 Kg8 40. Nc6 Ra1+ 41. Kg2 R1xa5 42. Rd8 Kf7 1-0

[Event "PER-ch (Women)"]
[Site "Lima"]
[Date "2023.09.02"]
[Round "6"]
[White "Arenas Lavado, Luciana Andrea"]
[Black "Vasquez Tanchiva, Katerine Paola"]
[Result "1-0"]
[WhiteElo "1535"]
[BlackElo "1460"]
[PlyCount "139"]
[EventDate "2023.08.29"]
[EventType "swiss"]
[EventRounds "9"]
[EventCountry "PER"]
[SourceTitle "EXT 2024"]
[Source "ChessBase"]
[SourceDate "2023.10.10"]
[SourceVersion "1"]
[SourceVersionDate "2023.10.10"]
[SourceQuality "1"]

1. e4 e5 2. Nf3 Nc6 3. Bb5 a6 4. Bxc6 dxc6 5. d4 exd4 6. Qxd4 Qxd4 7. Nxd4 Bd7 8. Be3 0-0-0 9. f3 Ne7 10. Nc3 c5 11. Nde2 b6 12. Kf2 f5 13. Rad1 h6 14. h4 g6 15. b3 Bg7 16. Nd5 Nxd5 17. exd5 Be8 18. c4 Bf7 19. Bd2 Rhe8 20. Rhe1 Re7 21. Nf4 Rde8 22. Rxe7 Rxe7 23. Re1 Rxe1 24. Kxe1 Kd7 25. Nd3 h5 26. Bf4 c6 27. dxc6+ Kxc6 28. Be5 Bf8 29. Kd2 b5 30. Kc3 Be7 31. g3 bxc4 32. bxc4 Bd8 33. Bg7 Be8 34. Ne5+ Kd6 35. Kd3 Ba5 36. Ke2 Bc3 37. Bf8+ Kc7 38. Nd3 Bf7 39. Nxc5 Bxc4+ 40. Ke3 Be5 41. f4 Bd6 42. Bxd6+ Kxd6 43. Kd4 Bxa2 44. Nxa6 Bb3 45. Nb4 Bf7 46. Nd3 Be8 47. Ne5 Ke6 48. Kc5 Ke7 49. Kd5 Kf6 50. Kd6 Ba4 51. Nc4 Be8 52. Nb6 Bf7 53. Nd7+ Kg7 54. Ke7 Bd5 55. Nc5 Bc4 56. Ne6+ Kg8 57. Kf6 Bb5 58. Ng5 Kh8 59. Kxg6 Kg8 60. Kxf5 Bc6 61. Kf6 Be8 62. f5 Bb5 63. Ke7 Bd3 64. f6 Bg6 65. f7+ Bxf7 66. Nxf7 Kg7 67. Ne5 Kh6 68. Kf6 Kh7 69. Kg5 Kg7 70. Kxh5 1-0